The Douglass sunday school lessons, 1971 : (Record no. 7480)

MARC details
000 -LEADER
fixed length control field 00734nam a2200229Ki 4500
001 - CONTROL NUMBER
control field 26576
003 - CONTROL NUMBER IDENTIFIER
control field GBCCL
005 - DATE AND TIME OF LATEST TRANSACTION
control field 20241126110629.0
008 - FIXED-LENGTH DATA ELEMENTS--GENERAL INFORMATION
fixed length control field 800605s1970 nyu 000 0 eng d
010 ## -
-- 21013506
035 ## - SYSTEM CONTROL NUMBER
System control number (OCoLC)06392277
040 ## - CATALOGING SOURCE
Original cataloging agency MNL
Transcribing agency MNL
049 ## -
-- LBBK
082 ## - DEWEY DECIMAL CLASSIFICATION NUMBER
Classification number 268.61
Item number DOU
092 ## - LOCALLY ASSIGNED DEWEY CALL NUMBER (OCLC)
Item number D734
100 1# - MAIN ENTRY--PERSONAL NAME
Personal name Douglass, Earl Leroy,
Dates associated with a name 1888-
9 (RLIN) 13222
245 14 - TITLE STATEMENT
Title The Douglass sunday school lessons, 1971 :
Remainder of title practical expositions of the international sunday school lessons /
Statement of responsibility, etc. by Earl L. Douglass, assisted by Gordon L. Roberts.
260 ## - PUBLICATION, DISTRIBUTION, ETC.
Place of publication, distribution, etc. New York :
Name of publisher, distributor, etc. Thomas Nelson,
Date of publication, distribution, etc. c1971.
300 ## - PHYSICAL DESCRIPTION
Extent 393 p. ;
Dimensions 21 cm.
650 #0 - SUBJECT ADDED ENTRY--TOPICAL TERM
Topical term or geographic name entry element Sunday schools
General subdivision Exercises, recitations, etc.
9 (RLIN) 13223
942 ## - ADDED ENTRY ELEMENTS (KOHA)
Source of classification or shelving scheme Dewey Decimal Classification
Koha item type Books
Holdings
Withdrawn status Lost status Source of classification or shelving scheme Damaged status Not for loan Home library Current Library Shelving location Date acquired Total checkouts Full call number Barcode Date last seen Copy number Price effective from Koha item type
    Dewey Decimal Classification     GRACE BIBLE COLLEGE GRACE BIBLE COLLEGE Ministry & Mission 2018-08-16   268.61 DOU 002651 2025-05-01 1971-72 2018-08-16 Books
© Grace Bible College Library 2025